[Event "DVM U16 2023"]
[Site "Magdeburg GER"]
[Date "2023.12.27"]
[Round "1"]
[White "Schulz, Moritz"]
[Black "Staat, Christian"]
[Result "1-0"]
[Termination "normal"]
[Board "9.4"]
[WhiteElo "1449"]
[BlackElo "1268"]
[WhiteClock "00:40:12"]
[BlackClock "00:04:11"]
[WhiteTeam "VfB Schach Leipzig"]
[BlackTeam "VSG 1880 Offenbach"]
[PlyCount "53"]
[WhiteFideId "34681680"]
[BlackFideId "34608141"]
[EventCountry "GER"]
[EventRounds "7"]
[EventType "team-swiss"]
[EventDate "2023.12.26"]

1. e4 {[%clk 01:30:53]} {[%emt 00:00:07]} e5 {[%clk 01:30:57]} {[%emt
00:00:03]} 2. Nf3 {[%clk 01:30:52]} {[%emt 00:00:31]} Nc6 {[%clk 01:31:22]}
{[%emt 00:00:05]} 3. d4 {[%clk 01:30:44]} {[%emt 00:00:38]} exd4 {[%clk
01:31:08]} {[%emt 00:00:44]} 4. Bc4 {[%clk 01:30:47]} {[%emt 00:00:28]} Bc5
{[%clk 01:29:39]} {[%emt 00:01:59]} 5. c3 {[%clk 01:30:18]} {[%emt 00:00:59]}
d6 {[%clk 01:25:12]} {[%emt 00:04:57]} 6. cxd4 {[%clk 01:28:12]} {[%emt
00:02:36]} Bb6 {[%clk 01:24:51]} {[%emt 00:00:52]} 7. O-O {[%clk 01:24:23]}
{[%emt 00:04:18]} Nge7 {[%clk 01:20:24]} {[%emt 00:04:57]} 8. Ng5 {[%clk
01:21:39]} {[%emt 00:03:13]} d5 {[%clk 01:07:17]} {[%emt 00:13:39]} 9. exd5
{[%clk 01:18:45]} {[%emt 00:03:24]} Na5 {[%clk 01:07:28]} {[%emt 00:00:19]} 10.
d6 {[%clk 01:16:08]} {[%emt 00:03:07]} Nxc4 {[%clk 01:07:21]} {[%emt 00:00:37]}
11. dxe7 {[%clk 01:14:24]} {[%emt 00:02:14]} Qd6 {[%clk 01:03:54]} {[%emt
00:03:16]} 12. d5 {[%clk 01:09:42]} {[%emt 00:05:54]} Bf5 {[%clk 00:57:27]}
{[%emt 00:06:55]} 13. Qa4+ {[%clk 01:09:00]} {[%emt 00:01:13]} Kxe7 {[%clk
00:46:16]} {[%emt 00:11:42]} 14. Qxc4 {[%clk 01:08:28]} {[%emt 00:01:00]} Rae8
{[%clk 00:45:38]} {[%emt 00:01:10]} 15. Nc3 {[%clk 01:05:52]} {[%emt 00:03:06]}
Qg6 {[%clk 00:35:09]} {[%emt 00:10:57]} 16. a4 {[%clk 00:59:20]} {[%emt
00:07:03]} Kd8 {[%clk 00:31:15]} {[%emt 00:04:24]} 17. d6 {[%clk 00:54:29]}
{[%emt 00:05:21]} Bd3 {[%clk 00:23:02]} {[%emt 00:08:43]} 18. dxc7+ {[%clk
00:49:37]} {[%emt 00:05:22]} Kc8 {[%clk 00:21:43]} {[%emt 00:01:48]} 19. Qxf7
{[%clk 00:45:03]} {[%emt 00:05:04]} Qxf7 {[%clk 00:09:58]} {[%emt 00:12:16]}
20. Nxf7 {[%clk 00:45:16]} {[%emt 00:00:16]} Bxf2+ {[%clk 00:10:24]} {[%emt
00:00:05]} 21. Kxf2 {[%clk 00:44:01]} {[%emt 00:01:44]} Rhf8 {[%clk 00:08:23]}
{[%emt 00:02:31]} 22. Kg3 {[%clk 00:42:19]} {[%emt 00:02:10]} Bxf1 {[%clk
00:07:29]} {[%emt 00:01:26]} 23. Nd6+ {[%clk 00:42:29]} {[%emt 00:00:20]} Kd7
{[%clk 00:07:25]} {[%emt 00:00:34]} 24. Nxe8 {[%clk 00:42:25]} {[%emt
00:00:34]} Rxe8 {[%clk 00:07:46]} {[%emt 00:00:10]} 25. Bf4 {[%clk 00:41:56]}
{[%emt 00:00:58]} Bc4 {[%clk 00:06:55]} {[%emt 00:01:22]} 26. Nb5 {[%clk
00:40:43]} {[%emt 00:01:42]} a6 {[%clk 00:04:11]} {[%emt 00:03:15]} 27. Rd1+
{[%clk 00:40:12]} {[%emt 00:00:56]} 1-0

[Event "DVM U16 2023"]
[Site "Magdeburg GER"]
[Date "2023.12.27"]
[Round "1"]
[White "Reus, Nicholas"]
[Black "Aumüller, Naum"]
[Result "1/2-1/2"]
[Termination "normal"]
[Board "10.1"]
[WhiteElo "1742"]
[BlackElo "1881"]
[WhiteClock "00:10:23"]
[BlackClock "00:02:52"]
[WhiteTeam "Stuttgarter SF 1879"]
[BlackTeam "SC Bavaria Regensburg 1881"]
[PlyCount "64"]
[WhiteFideId "34612424"]
[BlackFideId "16263960"]
[EventCountry "GER"]
[EventRounds "7"]
[EventType "team-swiss"]
[EventDate "2023.12.26"]

1. c4 {[%clk 01:30:56]} {[%emt 00:00:03]} e5 {[%clk 01:30:54]} {[%emt
00:00:08]} 2. Nc3 {[%clk 01:31:20]} {[%emt 00:00:07]} Nf6 {[%clk 01:31:17]}
{[%emt 00:00:07]} 3. Nf3 {[%clk 01:31:46]} {[%emt 00:00:02]} Nc6 {[%clk
01:31:38]} {[%emt 00:00:09]} 4. a3 {[%clk 01:31:02]} {[%emt 00:01:14]} a5
{[%clk 01:27:41]} {[%emt 00:04:28]} 5. e3 {[%clk 01:28:27]} {[%emt 00:03:04]}
Be7 {[%clk 01:26:53]} {[%emt 00:01:20]} 6. d4 {[%clk 01:28:42]} {[%emt
00:00:12]} exd4 {[%clk 01:26:16]} {[%emt 00:01:10]} 7. exd4 {[%clk 01:29:04]}
{[%emt 00:00:07]} d5 {[%clk 01:24:00]} {[%emt 00:02:45]} 8. Ne5 {[%clk
01:25:13]} {[%emt 00:04:21]} O-O {[%clk 01:05:45]} {[%emt 00:18:45]} 9. Nxc6
{[%clk 01:21:58]} {[%emt 00:03:45]} bxc6 {[%clk 01:05:43]} {[%emt 00:00:32]}
10. c5 {[%clk 01:22:07]} {[%emt 00:00:21]} Bg4 {[%emt 00:06:49]} 11. Qc2 {[%clk
01:19:42]} {[%emt 00:02:52]} Re8 {[%clk 00:50:55]} {[%emt 00:09:02]} 12. Be2
{[%clk 01:12:29]} {[%emt 00:07:43]} Bxc5 {[%clk 00:41:27]} {[%emt 00:09:58]}
13. f3 {[%clk 00:55:44]} {[%emt 00:17:16]} Bxd4 {[%clk 00:37:05]} {[%emt
00:04:51]} 14. fxg4 {[%clk 00:55:43]} {[%emt 00:00:31]} Nxg4 {[%clk 00:33:06]}
{[%emt 00:04:30]} 15. Bf4 {[%clk 00:49:31]} {[%emt 00:06:41]} Qf6 {[%clk
00:28:50]} {[%emt 00:04:46]} 16. Rf1 {[%clk 00:47:20]} {[%emt 00:02:41]} Bf2+
{[%clk 00:26:02]} {[%emt 00:03:18]} 17. Rxf2 {[%clk 00:45:53]} {[%emt
00:01:57]} Nxf2 {[%clk 00:26:21]} {[%emt 00:00:12]} 18. Kxf2 {[%clk 00:44:03]}
{[%emt 00:02:19]} Qxf4+ {[%clk 00:26:44]} {[%emt 00:00:06]} 19. Bf3 {[%clk
00:43:49]} {[%emt 00:00:44]} Qe3+ {[%clk 00:22:00]} {[%emt 00:05:15]} 20. Kf1
{[%clk 00:43:40]} {[%emt 00:00:40]} Rad8 {[%clk 00:20:04]} {[%emt 00:02:25]}
21. Qf2 {[%clk 00:39:45]} {[%emt 00:04:24]} Qe5 {[%clk 00:18:38]} {[%emt
00:01:56]} 22. Qg3 {[%clk 00:37:21]} {[%emt 00:02:55]} Qf5 {[%clk 00:15:58]}
{[%emt 00:03:10]} 23. Qxc7 {[%clk 00:35:04]} {[%emt 00:02:47]} Qc2 {[%clk
00:13:22]} {[%emt 00:03:06]} 24. Re1 {[%clk 00:24:41]} {[%emt 00:10:53]} d4
{[%clk 00:08:20]} {[%emt 00:05:33]} 25. Rxe8+ {[%clk 00:10:52]} {[%emt
00:14:17]} Rxe8 {[%clk 00:08:49]} {[%emt 00:00:02]} 26. Qd7 {[%clk 00:10:27]}
{[%emt 00:00:55]} Qc1+ {[%clk 00:06:20]} {[%emt 00:03:00]} 27. Nd1 {[%clk
00:10:50]} {[%emt 00:00:06]} Qc4+ {[%clk 00:06:17]} {[%emt 00:00:34]} 28. Kf2
{[%clk 00:10:11]} {[%emt 00:01:09]} Qc2+ {[%clk 00:05:02]} {[%emt 00:01:45]}
29. Kg3 {[%clk 00:09:29]} {[%emt 00:01:11]} Qg6+ {[%clk 00:04:46]} {[%emt
00:00:46]} 30. Kf2 {[%clk 00:09:37]} {[%emt 00:00:23]} Qc2+ {[%clk 00:04:08]}
{[%emt 00:01:08]} 31. Kg3 {[%clk 00:10:01]} {[%emt 00:00:07]} Qg6+ {[%clk
00:03:06]} {[%emt 00:01:31]} 32. Kf2 {[%clk 00:10:23]} {[%emt 00:00:08]} Qc2+
{[%clk 00:02:52]} {[%emt 00:00:43]} 1/2-1/2

[Event "DVM U16 2023"]
[Site "Magdeburg GER"]
[Date "2023.12.27"]
[Round "1"]
[White "Ammann, Samuel"]
[Black "Goldinov, Daniel"]
[Result "0-1"]
[Termination "normal"]
[Board "10.2"]
[WhiteElo "1502"]
[BlackElo "1762"]
[WhiteClock "00:03:34"]
[BlackClock "00:04:29"]
[WhiteTeam "SC Bavaria Regensburg 1881"]
[BlackTeam "Stuttgarter SF 1879"]
[PlyCount "54"]
[WhiteFideId "34650750"]
[BlackFideId "34605649"]
[EventCountry "GER"]
[EventRounds "7"]
[EventType "team-swiss"]
[EventDate "2023.12.26"]

1. d4 {[%clk 01:30:57]} f5 {[%clk 01:29:47]} {[%emt 00:01:03]} 2. c4 {[%clk
01:31:22]} {[%emt 00:00:15]} Nf6 {[%clk 01:30:07]} {[%emt 00:00:10]} 3. g3
{[%clk 01:31:42]} {[%emt 00:00:10]} g6 {[%clk 01:29:52]} {[%emt 00:00:45]} 4.
Bg2 {[%clk 01:32:03]} {[%emt 00:00:09]} Bg7 {[%clk 01:30:12]} {[%emt 00:00:10]}
5. Nf3 {[%clk 01:32:28]} {[%emt 00:00:05]} O-O {[%clk 01:30:20]} {[%emt
00:00:22]} 6. O-O {[%clk 01:32:37]} {[%emt 00:00:22]} d6 {[%clk 01:30:44]}
{[%emt 00:00:06]} 7. Nc3 {[%clk 01:32:59]} {[%emt 00:00:07]} c6 {[%clk
01:31:07]} {[%emt 00:00:06]} 8. d5 {[%clk 01:33:18]} {[%emt 00:00:11]} e5
{[%clk 01:30:21]} {[%emt 00:01:17]} 9. dxe6 {[%clk 01:33:34]} {[%emt 00:00:15]}
Bxe6 {[%clk 01:30:42]} {[%emt 00:00:08]} 10. b3 {[%clk 01:33:47]} {[%emt
00:00:17]} Qe7 {[%clk 01:15:01]} {[%emt 00:16:11]} 11. Ng5 {[%clk 01:29:05]}
{[%emt 00:05:12]} Ne4 {[%clk 01:04:17]} {[%emt 00:11:13]} 12. Ngxe4 {[%clk
01:18:32]} {[%emt 00:11:03]} fxe4 {[%clk 01:03:16]} {[%emt 00:01:32]} 13. Nxe4
{[%clk 01:15:43]} {[%emt 00:03:19]} Bf5 {[%clk 00:52:41]} {[%emt 00:11:04]} 14.
Ba3 {[%clk 00:59:37]} {[%emt 00:16:37]} Bxe4 {[%clk 00:36:21]} {[%emt
00:16:49]} 15. Bxd6 {[%clk 00:59:52]} {[%emt 00:00:16]} Qe8 {[%clk 00:31:58]}
{[%emt 00:04:53]} 16. Bxe4 {[%clk 00:53:33]} {[%emt 00:06:49]} Bxa1 {[%clk
00:22:32]} {[%emt 00:09:56]} 17. Qxa1 {[%clk 00:53:53]} {[%emt 00:00:10]} Rf7
{[%clk 00:21:59]} {[%emt 00:01:03]} 18. Bf3 {[%clk 00:51:00]} {[%emt 00:03:23]}
Qe6 {[%clk 00:18:19]} {[%emt 00:04:11]} 19. Bf4 {[%clk 00:41:15]} {[%emt
00:10:13]} Nd7 {[%clk 00:13:36]} {[%emt 00:05:13]} 20. Qd4 {[%clk 00:35:49]}
{[%emt 00:05:56]} Nf6 {[%clk 00:13:06]} {[%emt 00:01:00]} 21. Qe3 {[%clk
00:30:51]} {[%emt 00:05:28]} Qd7 {[%clk 00:12:23]} {[%emt 00:01:13]} 22. Bg5
{[%clk 00:24:11]} {[%emt 00:07:10]} Re8 {[%clk 00:11:50]} {[%emt 00:01:03]} 23.
Qxa7 {[%clk 00:19:01]} {[%emt 00:05:40]} Ne4 {[%clk 00:10:13]} {[%emt
00:02:07]} 24. Bxe4 {[%clk 00:13:20]} {[%emt 00:06:10]} Rxe4 {[%clk 00:10:37]}
{[%emt 00:00:06]} 25. Be3 {[%clk 00:13:34]} {[%emt 00:00:16]} Rf5 {[%clk
00:07:26]} {[%emt 00:03:42]} 26. Qa3 {[%clk 00:03:21]} {[%emt 00:10:44]} Rh5
{[%clk 00:05:26]} {[%emt 00:02:28]} 27. h4 {[%clk 00:03:34]} {[%emt 00:00:18]}
Rexh4 {[%clk 00:04:29]} {[%emt 00:01:27]} 0-1

[Event "DVM U16 2023"]
[Site "Magdeburg GER"]
[Date "2023.12.27"]
[Round "1"]
[White "Nunez Grégoire, Daniel"]
[Black "Bürger, Theodor"]
[Result "1-0"]
[Termination "normal"]
[Board "10.3"]
[WhiteElo "1708"]
[BlackElo "1514"]
[WhiteClock "00:58:08"]
[BlackClock "00:11:32"]
[WhiteTeam "Stuttgarter SF 1879"]
[BlackTeam "SC Bavaria Regensburg 1881"]
[PlyCount "95"]
[WhiteFideId "34627103"]
[BlackFideId "34640126"]
[EventCountry "GER"]
[EventRounds "7"]
[EventType "team-swiss"]
[EventDate "2023.12.26"]

1. c4 {[%clk 01:30:57]} {[%emt 00:00:04]} e5 {[%clk 01:30:42]} {[%emt
00:00:16]} 2. Nc3 {[%clk 01:31:19]} {[%emt 00:00:07]} Nf6 {[%clk 01:31:00]}
{[%emt 00:00:13]} 3. Nf3 {[%clk 01:31:47]} {[%emt 00:00:01]} Nc6 {[%clk
01:30:24]} {[%emt 00:01:06]} 4. a3 {[%clk 01:32:11]} {[%emt 00:00:07]} a5
{[%clk 01:28:49]} {[%emt 00:02:04]} 5. d4 {[%clk 01:30:23]} {[%emt 00:02:18]}
exd4 {[%clk 01:20:45]} {[%emt 00:08:34]} 6. Nxd4 {[%clk 01:30:46]} {[%emt
00:00:08]} Nxd4 {[%clk 01:20:08]} {[%emt 00:01:06]} 7. Qxd4 {[%clk 01:31:10]}
{[%emt 00:00:07]} h6 {[%clk 01:17:16]} {[%emt 00:03:22]} 8. e4 {[%clk
01:30:25]} {[%emt 00:01:15]} b6 {[%clk 01:15:41]} {[%emt 00:02:04]} 9. Be2
{[%clk 01:30:20]} {[%emt 00:00:35]} Bb7 {[%clk 01:11:47]} {[%emt 00:04:24]} 10.
O-O {[%clk 01:29:39]} {[%emt 00:01:12]} Bc5 {[%clk 01:12:05]} {[%emt 00:00:12]}
11. Qd3 {[%clk 01:29:47]} {[%emt 00:00:22]} d6 {[%clk 01:11:27]} {[%emt
00:01:07]} 12. b3 {[%clk 01:28:26]} {[%emt 00:01:51]} Qe7 {[%clk 01:09:40]}
{[%emt 00:02:18]} 13. Bf3 {[%clk 01:28:14]} {[%emt 00:00:41]} Rd8 {[%clk
01:03:45]} {[%emt 00:06:25]} 14. Nd5 {[%clk 01:26:54]} {[%emt 00:01:51]} Nxd5
{[%clk 01:02:47]} {[%emt 00:01:28]} 15. exd5 {[%clk 01:26:55]} {[%emt
00:00:29]} O-O {[%clk 01:02:49]} {[%emt 00:00:25]} 16. Bd2 {[%clk 01:27:01]}
{[%emt 00:00:27]} b5 {[%clk 00:57:42]} {[%emt 00:05:36]} 17. cxb5 {[%clk
01:27:05]} {[%emt 00:00:27]} Bb6 {[%clk 00:57:21]} {[%emt 00:00:50]} 18. Rfe1
{[%clk 01:26:44]} {[%emt 00:00:52]} Qf6 {[%clk 00:55:23]} {[%emt 00:02:27]} 19.
Bc3 {[%clk 01:23:21]} {[%emt 00:03:54]} Qh4 {[%clk 00:54:03]} {[%emt 00:01:49]}
20. g3 {[%clk 01:20:40]} {[%emt 00:03:12]} Qh3 {[%clk 00:53:19]} {[%emt
00:01:13]} 21. Qd2 {[%clk 01:20:30]} {[%emt 00:00:41]} Ra8 {[%clk 00:53:27]}
{[%emt 00:00:21]} 22. Qb2 {[%clk 01:20:14]} {[%emt 00:00:46]} Qf5 {[%clk
00:49:14]} {[%emt 00:04:44]} 23. Be4 {[%clk 01:19:11]} {[%emt 00:01:33]} Qg5
{[%clk 00:49:20]} {[%emt 00:00:22]} 24. Bd4 {[%clk 01:18:33]} {[%emt 00:01:10]}
Rfe8 {[%clk 00:47:00]} {[%emt 00:02:50]} 25. Bxb6 {[%clk 01:16:57]} {[%emt
00:02:06]} cxb6 {[%clk 00:46:55]} {[%emt 00:00:34]} 26. Qd4 {[%clk 01:16:24]}
{[%emt 00:01:04]} Qd8 {[%clk 00:39:58]} {[%emt 00:07:25]} 27. Bg2 {[%clk
01:14:22]} {[%emt 00:02:33]} Qc7 {[%clk 00:38:11]} {[%emt 00:02:18]} 28. Bf1
{[%clk 01:12:51]} {[%emt 00:02:01]} Rad8 {[%clk 00:38:08]} {[%emt 00:00:33]}
29. Bc4 {[%clk 01:13:01]} {[%emt 00:00:20]} Qc5 {[%clk 00:27:51]} {[%emt
00:10:48]} 30. Qxc5 {[%clk 01:12:23]} {[%emt 00:01:08]} Rxe1+ {[%clk 00:27:53]}
{[%emt 00:00:27]} 31. Rxe1 {[%clk 01:12:29]} {[%emt 00:00:23]} dxc5 {[%clk
00:28:01]} {[%emt 00:00:22]} 32. f4 {[%clk 01:09:12]} {[%emt 00:03:48]} g6
{[%clk 00:24:38]} {[%emt 00:03:54]} 33. Kf2 {[%clk 01:08:58]} {[%emt 00:00:43]}
Kg7 {[%clk 00:23:45]} {[%emt 00:01:23]} 34. Re5 {[%clk 01:05:12]} {[%emt
00:04:16]} Rd6 {[%clk 00:19:28]} {[%emt 00:04:44]} 35. Ke3 {[%clk 01:04:20]}
{[%emt 00:01:25]} Kf8 {[%clk 00:19:06]} {[%emt 00:00:50]} 36. f5 {[%clk
01:04:12]} {[%emt 00:00:41]} g5 {[%clk 00:11:11]} {[%emt 00:08:24]} 37. g4
{[%clk 00:58:12]} {[%emt 00:06:30]} Kg7 {[%clk 00:11:04]} {[%emt 00:00:37]} 38.
h3 {[%clk 00:57:15]} {[%emt 00:01:27]} Kf6 {[%clk 00:11:14]} {[%emt 00:00:20]}
39. Ke4 {[%clk 00:56:55]} {[%emt 00:00:50]} Ba8 {[%clk 00:11:11]} {[%emt
00:00:33]} 40. Re8 {[%clk 00:56:48]} {[%emt 00:00:36]} Bb7 {[%clk 00:11:29]}
{[%emt 00:00:12]} 41. Rh8 {[%clk 00:56:47]} {[%emt 00:00:31]} Kg7 {[%clk
00:11:53]} {[%emt 00:00:07]} 42. Rb8 {[%clk 00:57:09]} {[%emt 00:00:07]} Rd7
{[%clk 00:12:06]} {[%emt 00:00:17]} 43. Ke5 {[%clk 00:57:16]} {[%emt 00:00:23]}
f6+ {[%clk 00:12:22]} {[%emt 00:00:14]} 44. Ke6 {[%clk 00:57:36]} {[%emt
00:00:10]} Rc7 {[%clk 00:12:03]} {[%emt 00:00:50]} 45. d6 {[%clk 00:57:10]}
{[%emt 00:00:55]} Bc8+ {[%clk 00:11:43]} {[%emt 00:00:50]} 46. Rxc8 {[%clk
00:57:28]} {[%emt 00:00:13]} Rxc8 {[%clk 00:12:08]} {[%emt 00:00:05]} 47. d7
{[%clk 00:57:53]} {[%emt 00:00:04]} Rc7 {[%clk 00:11:32]} {[%emt 00:01:06]} 48.
d8=Q {[%clk 00:58:08]} {[%emt 00:00:16]} 1-0

[Event "DVM U16 2023"]
[Site "Magdeburg GER"]
[Date "2023.12.27"]
[Round "1"]
[White "Slutski, Daniel"]
[Black "Gotfried, Elias"]
[Result "0-1"]
[Termination "normal"]
[Board "10.4"]
[WhiteElo "1324"]
[BlackElo "1375"]
[WhiteClock "00:30:11"]
[BlackClock "00:25:00"]
[WhiteTeam "SC Bavaria Regensburg 1881"]
[BlackTeam "Stuttgarter SF 1879"]
[PlyCount "42"]
[WhiteFideId "16292154"]
[BlackFideId "34630171"]
[EventCountry "GER"]
[EventRounds "7"]
[EventType "team-swiss"]
[EventDate "2023.12.26"]

1. e4 {[%clk 01:29:56]} {[%emt 00:01:04]} e6 {[%clk 01:30:49]} {[%emt
00:00:10]} 2. d4 {[%clk 01:29:06]} {[%emt 00:01:20]} d5 {[%clk 01:29:39]}
{[%emt 00:01:40]} 3. exd5 {[%clk 01:28:18]} {[%emt 00:01:19]} exd5 {[%clk
01:29:59]} {[%emt 00:00:10]} 4. Qf3 {[%clk 01:27:18]} {[%emt 00:01:29]} Nf6
{[%clk 01:28:45]} {[%emt 00:01:44]} 5. h3 {[%clk 01:25:27]} {[%emt 00:02:21]}
c5 {[%clk 01:23:48]} {[%emt 00:05:27]} 6. c3 {[%clk 01:23:36]} {[%emt
00:02:22]} Nc6 {[%clk 01:22:36]} {[%emt 00:01:42]} 7. Bb5 {[%clk 01:20:59]}
{[%emt 00:03:07]} Qb6 {[%clk 01:10:02]} {[%emt 00:13:03]} 8. Qe2+ {[%clk
01:11:39]} {[%emt 00:09:50]} Be7 {[%clk 01:00:21]} {[%emt 00:10:11]} 9. Nf3
{[%clk 01:05:27]} {[%emt 00:06:42]} O-O {[%clk 00:54:23]} {[%emt 00:06:28]} 10.
O-O {[%clk 01:02:08]} {[%emt 00:03:49]} Bd6 {[%clk 00:50:01]} {[%emt 00:04:53]}
11. Bxc6 {[%clk 00:59:47]} {[%emt 00:02:51]} bxc6 {[%clk 00:49:13]} {[%emt
00:01:17]} 12. Bg5 {[%clk 00:54:58]} {[%emt 00:05:19]} Ba6 {[%clk 00:46:43]}
{[%emt 00:03:00]} 13. Qc2 {[%clk 00:51:06]} {[%emt 00:04:21]} Bxf1 {[%clk
00:40:03]} {[%emt 00:07:11]} 14. Kxf1 {[%clk 00:49:40]} {[%emt 00:01:56]} Ne4
{[%clk 00:38:13]} {[%emt 00:02:21]} 15. Nbd2 {[%clk 00:45:56]} {[%emt
00:04:13]} f5 {[%clk 00:35:39]} {[%emt 00:03:05]} 16. Nxe4 {[%clk 00:43:16]}
{[%emt 00:03:09]} fxe4 {[%clk 00:33:24]} {[%emt 00:02:46]} 17. Ne5 {[%clk
00:40:07]} {[%emt 00:03:38]} Rf5 {[%clk 00:27:36]} {[%emt 00:06:19]} 18. Be3
{[%clk 00:35:35]} {[%emt 00:05:02]} cxd4 {[%clk 00:25:08]} {[%emt 00:02:57]}
19. cxd4 {[%clk 00:31:23]} {[%emt 00:04:43]} Bxe5 {[%clk 00:24:53]} {[%emt
00:00:44]} 20. dxe5 {[%clk 00:30:54]} {[%emt 00:00:59]} Qxe3 {[%clk 00:24:52]}
{[%emt 00:00:31]} 21. Re1 {[%clk 00:30:11]} {[%emt 00:01:13]} Qd3+ {[%clk
00:25:00]} {[%emt 00:00:22]} 0-1

[Event "DVM U16 2023"]
[Site "Magdeburg GER"]
[Date "2023.12.27"]
[Round "2"]
[White "Freude, Max"]
[Black "Bungarten, Jona"]
[Result "0-1"]
[Termination "normal"]
[Board "1.1"]
[WhiteElo "1902"]
[BlackElo "2085"]
[WhiteClock "00:07:11"]
[BlackClock "00:46:57"]
[WhiteTeam "SV Empor Berlin"]
[BlackTeam "SF Brackel 1930"]
[PlyCount "44"]
[WhiteFideId "16236157"]
[BlackFideId "16223608"]
[EventCountry "GER"]
[EventRounds "7"]
[EventType "team-swiss"]
[EventDate "2023.12.26"]

1. e4 {[%clk 01:30:52]} {[%emt 00:00:07]} e5 {[%clk 01:30:55]} {[%emt
00:00:06]} 2. d4 {[%clk 01:30:59]} {[%emt 00:00:22]} exd4 {[%clk 01:31:17]}
{[%emt 00:00:07]} 3. Qxd4 {[%clk 01:31:28]} {[%emt 00:00:02]} Nc6 {[%clk
01:31:38]} {[%emt 00:00:09]} 4. Qe3 {[%clk 01:31:53]} {[%emt 00:00:05]} Nf6
{[%clk 01:24:00]} {[%emt 00:08:08]} 5. Nc3 {[%clk 01:32:07]} {[%emt 00:00:16]}
Bb4 {[%clk 01:22:18]} {[%emt 00:02:12]} 6. Bd2 {[%clk 01:32:30]} {[%emt
00:00:07]} Qe7 {[%clk 01:21:11]} {[%emt 00:01:37]} 7. O-O-O {[%clk 01:23:29]}
{[%emt 00:09:30]} d6 {[%clk 01:20:09]} {[%emt 00:01:33]} 8. f3 {[%clk
01:13:07]} {[%emt 00:10:52]} Be6 {[%clk 01:19:37]} {[%emt 00:01:02]} 9. Nge2
{[%clk 01:09:08]} {[%emt 00:04:28]} O-O-O {[%clk 01:17:53]} {[%emt 00:02:14]}
10. Nd4 {[%clk 01:04:45]} {[%emt 00:04:55]} Nxd4 {[%clk 01:17:11]} {[%emt
00:01:11]} 11. Qxd4 {[%clk 01:05:04]} {[%emt 00:00:11]} Bc5 {[%clk 01:17:33]}
{[%emt 00:00:07]} 12. Qa4 {[%clk 01:02:46]} {[%emt 00:02:49]} d5 {[%clk
01:16:40]} {[%emt 00:01:22]} 13. exd5 {[%clk 00:59:56]} {[%emt 00:03:21]} Nxd5
{[%clk 01:09:42]} {[%emt 00:07:28]} 14. Nxd5 {[%clk 00:57:49]} {[%emt
00:02:37]} Rxd5 {[%clk 01:08:57]} {[%emt 00:01:13]} 15. Bd3 {[%clk 00:43:35]}
{[%emt 00:14:45]} Rhd8 {[%clk 01:06:48]} {[%emt 00:02:39]} 16. Rhe1 {[%clk
00:37:24]} {[%emt 00:06:42]} R8d6 {[%clk 01:00:34]} {[%emt 00:06:44]} 17. Bc4
{[%clk 00:26:43]} {[%emt 00:11:10]} Rd4 {[%clk 00:55:17]} {[%emt 00:05:47]} 18.
Bxe6+ {[%clk 00:26:39]} {[%emt 00:00:34]} Rxe6 {[%clk 00:55:33]} {[%emt
00:00:14]} 19. Qb3 {[%clk 00:15:11]} {[%emt 00:11:58]} Rxd2 {[%clk 00:46:20]}
{[%emt 00:09:43]} 20. Kxd2 {[%clk 00:13:40]} {[%emt 00:02:01]} Qg5+ {[%clk
00:46:40]} {[%emt 00:00:10]} 21. Kc3 {[%clk 00:11:51]} {[%emt 00:02:19]} Qf6+
{[%clk 00:46:57]} {[%emt 00:00:14]} 22. Kc4 {[%clk 00:07:11]} {[%emt 00:05:10]}
Rxe1 {[%emt 00:00:44]} 0-1